00958cam a2200241 a 45000010008000000030004000080050017000120080041000290100017000700200028000870400018001150500025001330820018001581000037001762450090002132460046003032600087003493000045004364400047004815040051005286500048005798560089006273086986OSt20150408113926.0980206s1999 flua bf 001 0 eng  a 98010347  a0849385792 (alk. paper) aDLCcDLCdDLC00aTK5102.9b.P677 199900a621.382/22211 aPoularikas, Alexander D.,d1933-14aThe handbook of formulas and tables for signal processing /cAlexander D. Poularikas.30aFormulas and tables for signal processing aBoca Raton, Fla. :bCRC Press ;a[New York, NY] :bSpringer :bIEEE Press,cc1999. a1 v. (various pagings) :bill. ;c26 cm. 4aThe electrical engineering handbook series aIncludes bibliographical references and index. 0aSignal processingxHandbooks, manuals, etc.423Publisher descriptionuhttp://www.loc.gov/catdir/enhancements/fy0744/98010347-d.html